000 00500nam a2200181Ia 4500
001 16902
005 20260306170345.0
008 260306t2023||||xx |||||||||||||| ||und||
041 _aESP
082 _a657.3
_bF64
100 _aFlores Soria, Jaime,
_eAUT
245 0 _aKPI:
_bNuevos indicadores financieros requeridos por entidades financieras :análisis e interpretación
260 _c2023
300 _a622 páginas :
_c25 cm.
650 _aGEN
654 _aCCO
942 _cLIB
_dJUS
_fJUS
_2ddc
_n
999 _c16902
_d16902